000 00502nam a2200181Ia 4500
003 OSt
005 20260324114342.0
008 190216s9999||||xx |||||||||||||| ||und||
020 _a9788126400843
040 _coclc
082 _a894.8143
_bANA/B
100 _aAnanthamurthy, U R
_96419
245 0 _aBhava /
_cU R Ananthamurthy
260 _bDc Books,
_aKottayam:
_c2000.
300 _a112p
650 _aMalayalam Novel
942 _cBK
_2ddc
_h894.8143
_iANA/B
_k894.8143
_mANA/B
999 _c27939
_d27939